| 000 | 00955nam a22002895a 4500 | ||
|---|---|---|---|
| 999 |
_c3706 _d3706 |
||
| 003 | EG-ScBUE | ||
| 005 | 20210916113850.0 | ||
| 008 | 090118s1988 ua f 000 0f ara d | ||
| 020 | _a9771103679 (ج. 1) | ||
| 020 | _a9771103784 (ج. 2) | ||
| 040 |
_aEG-ScBuE _bara _erda _cEG-ScBuE _dEG-ScBUE |
||
| 082 | 0 | 4 |
_a892.736 _bح ك ي _222 |
| 100 | 1 |
_aالحكيم، توفيق، _d1898-1987، _eمؤلف. |
|
| 245 | 1 | 0 |
_aعودة الروح / _cتوفيق الحكيم. |
| 264 | 1 |
_aالقاهرة : _bمكتبة مصر، _c1988. |
|
| 300 |
_a2 مجلد ؛ _c20 سم |
||
| 336 |
_2rdacontent _aنص _btxt |
||
| 337 |
_2rdamedia _aبدون وسيط _bn |
||
| 338 |
_2rdacarrier _aمجلد _bnc |
||
| 505 | 0 | _aمجلد 1 -- مجلد 2. | |
| 590 | _ayassmeen ashraf | ||
| 650 | 7 |
_aالقصص العربية _zمصر. _2BUEsh |
|
| 651 | _2BUEsh | ||
| 653 |
_bARALIT _cSeptember2021 |
||
| 655 |
_vReading book _934232 |
||
| 942 |
_cBB _k892.736 ا ل ح _2ddc |
||